A TEXTBOOK OF PHARMACEUTICAL ORGANIC CHEMISTRY -I (Record no. 33067)

MARC details
000 -LEADER
fixed length control field 00352nam a22001457a 4500
003 - CONTROL NUMBER IDENTIFIER
control field SGT
020 ## - INTERNATIONAL STANDARD BOOK NUMBER
International Standard Book Number 938426647-7
082 ## - DEWEY DECIMAL CLASSIFICATION NUMBER
Classification number 615.19
Item number GOY
100 ## - MAIN ENTRY--PERSONAL NAME
Personal name GOYAL, ANJALI
245 ## - TITLE STATEMENT
Title A TEXTBOOK OF PHARMACEUTICAL ORGANIC CHEMISTRY -I
260 ## - PUBLICATION, DISTRIBUTION, ETC. (IMPRINT)
Place of publication, distribution, etc INDIA
Name of publisher, distributor, etc BIRLA PUB.
Year of Publication 2027
300 ## - PAGE DESCRIPTION
No. of Pages 188
650 ## - SUBJECT ADDED ENTRY--TOPICAL TERM
Topical term or geographic name as entry element PHARMACEUTICAL CHEMISTRY
942 ## - ADDED ENTRY ELEMENTS (KOHA)
Source of classification or shelving scheme Dewey Decimal Classification
Koha item type Books
Holdings
Withdrawn status Lost status Source of classification or shelving scheme Damaged status Not for loan Collection code Home library Current library Shelving location Date acquired Vendor Name Cost, normal purchase price SGTU Bill Number Full call number Accession No. (Barcode) Date last seen Bill Date Koha item type Total Checkouts Checked out Date last borrowed Total Renewals
    Dewey Decimal Classification   Not For Loan SCIENCE SGT Science & Social Sciences Library SGT Science & Social Sciences Library Reference Book 31/10/2025 ABC 250.00 SGTU 21721 615.19 GOY DP1511 31/10/2025 17/09/2029 Books        
    Dewey Decimal Classification     SCIENCE SGT Science & Social Sciences Library SGT Science & Social Sciences Library Text Book 31/10/2025 ABC 250.00 SGTU 21721 615.19 GOY DP1512 03/06/2026 17/09/2029 Books 3 17/06/2026 03/06/2026  
    Dewey Decimal Classification     SCIENCE SGT Science & Social Sciences Library SGT Science & Social Sciences Library Text Book 31/10/2025 ABC 250.00 SGTU 21721 615.19 GOY DP1513 01/06/2026 17/09/2029 Books 8 15/06/2026 01/06/2026 1
    Dewey Decimal Classification     SCIENCE SGT Science & Social Sciences Library SGT Science & Social Sciences Library Text Book 31/10/2025 ABC 250.00 SGTU 21721 615.19 GOY DP1514 12/05/2026 17/09/2029 Books 5 11/06/2026 12/05/2026  
    Dewey Decimal Classification     SCIENCE SGT Science & Social Sciences Library SGT Science & Social Sciences Library Text Book 31/10/2025 ABC 250.00 SGTU 21721 615.19 GOY DP1515 03/06/2026 17/09/2029 Books 4 17/06/2026 03/06/2026